A sociology of belief / (Record no. 7203)

MARC details
000 -LEADER
fixed length control field 00488cam a2200181 i 4500
001 - CONTROL NUMBER
control field 1261936
003 - CONTROL NUMBER IDENTIFIER
control field NG-AbAUS
005 - DATE AND TIME OF LATEST TRANSACTION
control field 20230319005554.0
008 - FIXED-LENGTH DATA ELEMENTS--GENERAL INFORMATION
fixed length control field 741030s1975 nyu b 001 0 eng
020 ## - INTERNATIONAL STANDARD BOOK NUMBER
International Standard Book Number 0471088951
040 ## - CATALOGING SOURCE
Original cataloging agency DLC
Transcribing agency DLC
Modifying agency DLC
082 00 - DEWEY DECIMAL CLASSIFICATION NUMBER
Classification number 301.2/1
100 1# - MAIN ENTRY--PERSONAL NAME
Personal name Borhek, James T.,
Dates associated with a name 1930-
9 (RLIN) 301
245 12 - TITLE STATEMENT
Title A sociology of belief /
Statement of responsibility, etc James T. Borhek, Richard F. Curtis.
260 ## - PUBLICATION, DISTRIBUTION, ETC. (IMPRINT)
Place of publication, distribution, etc New York :
Name of publisher, distributor, etc Wiley,
Date of publication, distribution, etc [1975]
300 ## - PHYSICAL DESCRIPTION
Extent xiv, 201 p. ;
Dimensions 22 cm.
942 ## - ADDED ENTRY ELEMENTS (KOHA)
Source of classification or shelving scheme Dewey Decimal Classification
Item type Book

No items available.